<?xml version="1.0" encoding="UTF-8"?>
<record
    xmlns:xsi="http://www.w3.org/2001/XMLSchema-instance"
    xsi:schemaLocation="http://www.loc.gov/MARC21/slim http://www.loc.gov/standards/marcxml/schema/MARC21slim.xsd"
    xmlns="http://www.loc.gov/MARC21/slim">

  <leader>00788nam a22002057a 4500</leader>
  <controlfield tag="003">OSt</controlfield>
  <controlfield tag="005">20150224094604.0</controlfield>
  <controlfield tag="008">120903t        xxu||||| |||| 00| 0 eng d</controlfield>
  <datafield tag="040" ind1=" " ind2=" ">
    <subfield code="b">Shqip</subfield>
    <subfield code="a">BSHUA</subfield>
  </datafield>
  <datafield tag="082" ind1=" " ind2=" ">
    <subfield code="b">785.11/Zad.13</subfield>
  </datafield>
  <datafield tag="100" ind1=" " ind2=" ">
    <subfield code="a">Zadeja, &#xC7;esk</subfield>
    <subfield code="q">&#xC7;esk Zadeja</subfield>
  </datafield>
  <datafield tag="245" ind1=" " ind2=" ">
    <subfield code="a">Dy skica simfonike</subfield>
    <subfield code="b">Partitura</subfield>
  </datafield>
  <datafield tag="260" ind1=" " ind2=" ">
    <subfield code="a">Tirane</subfield>
    <subfield code="b">Shtepia Botuese e Librit Shkollor</subfield>
    <subfield code="c">1981</subfield>
  </datafield>
  <datafield tag="300" ind1=" " ind2=" ">
    <subfield code="c">34 cm</subfield>
    <subfield code="g">41 f. me nota</subfield>
  </datafield>
  <datafield tag="500" ind1=" " ind2=" ">
    <subfield code="a">1.Flet Komisari
2.Rreth zjarrit partizan</subfield>
  </datafield>
  <datafield tag="600" ind1=" " ind2=" ">
    <subfield code="2">Lista e Emertimeve  Lendore te Bibliotekes se Kongresit (Library of Congress Subject Headings -LCSH)</subfield>
    <subfield code="q">&#xC7;esk Zadeja</subfield>
    <subfield code="t">Dy skica simfonike</subfield>
    <subfield code="v">Muzika shqiptare</subfield>
    <subfield code="x">Muzika orkestrale - Muzika simfonike - Skica - Partitura</subfield>
    <subfield code="z">Shqiperi</subfield>
  </datafield>
  <datafield tag="856" ind1=" " ind2=" ">
    <subfield code="y">Fulltext</subfield>
  </datafield>
  <datafield tag="942" ind1=" " ind2=" ">
    <subfield code="2">udc</subfield>
    <subfield code="c">BK</subfield>
    <subfield code="h">785.11.089.61</subfield>
  </datafield>
  <datafield tag="953" ind1=" " ind2=" ">
    <subfield code="a">0</subfield>
  </datafield>
  <datafield tag="999" ind1=" " ind2=" ">
    <subfield code="c">904</subfield>
    <subfield code="d">904</subfield>
  </datafield>
  <datafield tag="952" ind1=" " ind2=" ">
    <subfield code="0">0</subfield>
    <subfield code="1">0</subfield>
    <subfield code="2">udc</subfield>
    <subfield code="4">0</subfield>
    <subfield code="7">0</subfield>
    <subfield code="a">UArtLib2</subfield>
    <subfield code="b">UArtLib2</subfield>
    <subfield code="d">2012-09-03</subfield>
    <subfield code="g">14.00</subfield>
    <subfield code="o">785.11/Zad.13</subfield>
    <subfield code="p">34682</subfield>
    <subfield code="r">2012-09-03</subfield>
    <subfield code="w">2012-09-03</subfield>
    <subfield code="y">MU</subfield>
  </datafield>
  <datafield tag="952" ind1=" " ind2=" ">
    <subfield code="0">0</subfield>
    <subfield code="1">0</subfield>
    <subfield code="2">udc</subfield>
    <subfield code="4">0</subfield>
    <subfield code="7">0</subfield>
    <subfield code="a">UArtLib2</subfield>
    <subfield code="b">UArtLib2</subfield>
    <subfield code="d">2012-09-03</subfield>
    <subfield code="g">14.00</subfield>
    <subfield code="o">785.11/Zad.13</subfield>
    <subfield code="p">34683</subfield>
    <subfield code="r">2012-09-03</subfield>
    <subfield code="w">2012-09-03</subfield>
    <subfield code="y">MU</subfield>
  </datafield>
  <datafield tag="952" ind1=" " ind2=" ">
    <subfield code="0">0</subfield>
    <subfield code="1">0</subfield>
    <subfield code="2">udc</subfield>
    <subfield code="4">0</subfield>
    <subfield code="7">0</subfield>
    <subfield code="a">UArtLib2</subfield>
    <subfield code="b">UArtLib2</subfield>
    <subfield code="d">2012-09-03</subfield>
    <subfield code="g">14.00</subfield>
    <subfield code="o">785.11/Zad.13</subfield>
    <subfield code="p">34684</subfield>
    <subfield code="r">2012-09-03</subfield>
    <subfield code="w">2012-09-03</subfield>
    <subfield code="y">MU</subfield>
  </datafield>
  <datafield tag="952" ind1=" " ind2=" ">
    <subfield code="0">0</subfield>
    <subfield code="1">0</subfield>
    <subfield code="2">udc</subfield>
    <subfield code="4">0</subfield>
    <subfield code="7">0</subfield>
    <subfield code="a">UArtLib2</subfield>
    <subfield code="b">UArtLib2</subfield>
    <subfield code="d">2012-09-03</subfield>
    <subfield code="g">14.00</subfield>
    <subfield code="o">785.11/Zad.13</subfield>
    <subfield code="p">34685</subfield>
    <subfield code="r">2012-09-03</subfield>
    <subfield code="w">2012-09-03</subfield>
    <subfield code="y">MU</subfield>
  </datafield>
  <datafield tag="952" ind1=" " ind2=" ">
    <subfield code="0">0</subfield>
    <subfield code="1">0</subfield>
    <subfield code="2">udc</subfield>
    <subfield code="4">0</subfield>
    <subfield code="7">0</subfield>
    <subfield code="a">UArtLib2</subfield>
    <subfield code="b">UArtLib2</subfield>
    <subfield code="d">2012-09-03</subfield>
    <subfield code="g">14.00</subfield>
    <subfield code="o">785.11/Zad.13</subfield>
    <subfield code="p">34686</subfield>
    <subfield code="r">2012-09-03</subfield>
    <subfield code="w">2012-09-03</subfield>
    <subfield code="y">MU</subfield>
  </datafield>
  <datafield tag="952" ind1=" " ind2=" ">
    <subfield code="0">0</subfield>
    <subfield code="1">0</subfield>
    <subfield code="2">udc</subfield>
    <subfield code="4">0</subfield>
    <subfield code="7">0</subfield>
    <subfield code="a">UArtLib2</subfield>
    <subfield code="b">UArtLib2</subfield>
    <subfield code="d">2012-09-03</subfield>
    <subfield code="g">14.00</subfield>
    <subfield code="o">785.11/Zad.13</subfield>
    <subfield code="p">34687</subfield>
    <subfield code="r">2012-09-03</subfield>
    <subfield code="w">2012-09-03</subfield>
    <subfield code="y">MU</subfield>
  </datafield>
  <datafield tag="952" ind1=" " ind2=" ">
    <subfield code="0">0</subfield>
    <subfield code="1">0</subfield>
    <subfield code="2">udc</subfield>
    <subfield code="4">0</subfield>
    <subfield code="7">0</subfield>
    <subfield code="a">UArtLib2</subfield>
    <subfield code="b">UArtLib2</subfield>
    <subfield code="d">2012-09-03</subfield>
    <subfield code="g">14.00</subfield>
    <subfield code="o">785.11/Zad.13</subfield>
    <subfield code="p">34688</subfield>
    <subfield code="r">2012-09-03</subfield>
    <subfield code="w">2012-09-03</subfield>
    <subfield code="y">MU</subfield>
  </datafield>
  <datafield tag="952" ind1=" " ind2=" ">
    <subfield code="0">0</subfield>
    <subfield code="1">0</subfield>
    <subfield code="2">udc</subfield>
    <subfield code="4">0</subfield>
    <subfield code="7">0</subfield>
    <subfield code="a">UArtLib2</subfield>
    <subfield code="b">UArtLib2</subfield>
    <subfield code="d">2012-09-03</subfield>
    <subfield code="g">14.00</subfield>
    <subfield code="o">785.11/Zad.13</subfield>
    <subfield code="p">34689</subfield>
    <subfield code="r">2012-09-03</subfield>
    <subfield code="w">2012-09-03</subfield>
    <subfield code="y">MU</subfield>
  </datafield>
  <datafield tag="952" ind1=" " ind2=" ">
    <subfield code="0">0</subfield>
    <subfield code="1">0</subfield>
    <subfield code="2">udc</subfield>
    <subfield code="4">0</subfield>
    <subfield code="7">0</subfield>
    <subfield code="a">UArtLib2</subfield>
    <subfield code="b">UArtLib2</subfield>
    <subfield code="d">2012-09-03</subfield>
    <subfield code="g">14.00</subfield>
    <subfield code="o">785.11/Zad.13</subfield>
    <subfield code="p">34690</subfield>
    <subfield code="r">2012-09-03</subfield>
    <subfield code="w">2012-09-03</subfield>
    <subfield code="y">MU</subfield>
  </datafield>
  <datafield tag="952" ind1=" " ind2=" ">
    <subfield code="0">0</subfield>
    <subfield code="1">0</subfield>
    <subfield code="2">udc</subfield>
    <subfield code="4">0</subfield>
    <subfield code="7">0</subfield>
    <subfield code="a">UArtLib2</subfield>
    <subfield code="b">UArtLib2</subfield>
    <subfield code="d">2012-09-03</subfield>
    <subfield code="g">14.00</subfield>
    <subfield code="o">785.11/Zad.13</subfield>
    <subfield code="p">34691</subfield>
    <subfield code="r">2012-09-03</subfield>
    <subfield code="w">2012-09-03</subfield>
    <subfield code="y">MU</subfield>
  </datafield>
</record>
